| 000 | 00880cam a2200289 i 4500 | ||
|---|---|---|---|
| 001 | 818470 | ||
| 003 | OSt | ||
| 005 | 20230622141743.0 | ||
| 008 | 770117s1976 dcua b 001 0 eng | ||
| 010 | _a 76041925 | ||
| 020 |
_a0871871009 : _c$49.50 |
||
| 040 |
_aDLC _cDLC _dDLC |
||
| 043 | _an-us--- | ||
| 050 | 0 | 0 |
_aJK1021 _b.C56 1976a |
| 082 | 0 | 0 |
_a328.73 _bKEL |
| 110 | 2 | _aCongressional Quarterly, inc. | |
| 240 | 1 | 0 | _aGuide to the Congress of the United States |
| 245 | 1 | 0 | _aCongressional Quarterly's Guide to Congress. |
| 250 | _a2d ed. | ||
| 260 |
_aWashington : _bCongressional Quarterly, _cc1976. |
||
| 300 |
_axxxi, 721, 293-A p. : _bill. ; _c29 cm. |
||
| 500 | _aOn spine: Guide to Congress. | ||
| 504 | _aIncludes bibliographies and indexes. | ||
| 610 | 1 | 0 |
_aUnited States. _bCongress. |
| 906 |
_a7 _bcbc _corignew _d1 _eocip _f19 _gy-gencatlg |
||
| 942 |
_2ddc _cBK |
||
| 999 |
_c2349 _d2349 |
||